|
|
|
|
| LEADER |
01888nam a2200337 a 4500 |
| 001 |
31790 |
| 003 |
BD-DhAAL |
| 005 |
20211207113632.0 |
| 008 |
110527s2012 nyua b 001 0 eng |
| 999 |
|
|
|c 38118
|d 38118
|
| 020 |
|
|
|a 9780071086684
|
| 020 |
|
|
|a 9780073511474
|
| 040 |
|
|
|a DLC
|c DLCd
|d DLC
|d BD-DhAAL
|
| 082 |
0 |
0 |
|a 330.91732
|2 23
|
| 100 |
1 |
|
|a O'Sullivan, Arthur.
|9 21444
|
| 245 |
1 |
0 |
|a Urban economics /
|c Arthur O'Sullivan.
|
| 250 |
|
|
|a 8th edition
|
| 260 |
|
|
|a New York, NY :
|b McGraw-Hill/Irwin,
|c c2012.
|
| 300 |
|
|
|a xxx, 496 p. :
|b illustrations ;
|c 23 cm.
|
| 500 |
|
|
|a Includes bibliographical references and index.
|
| 526 |
|
|
|a ESS
|
| 541 |
|
|
|e 31790,31791,31792,31793,31794
|
| 650 |
|
0 |
|a Urban economics.
|9 21445
|
| 650 |
|
0 |
|a Economics.
|9 43475
|
| 852 |
|
|
|a Ayesha Abed Library
|c General Stacks
|
| 942 |
|
|
|2 ddc
|c BK
|
| 952 |
|
|
|0 0
|1 0
|2 ddc
|4 0
|6 330_917320000000000_OSU
|7 0
|9 60553
|a BRACUL
|b BRACUL
|c GEN
|d 2017-05-07
|e Karim International
|g 3500.00
|l 2
|m 21
|o 330.91732 OSU
|p 3010031790
|r 2019-10-14
|s 2019-09-30
|t 1
|v 3500.00
|w 2017-05-07
|y BK
|
| 952 |
|
|
|0 0
|1 0
|2 ddc
|4 0
|6 330_917320000000000_OSU
|7 0
|9 60554
|a BRACUL
|b BRACUL
|c GEN
|d 2017-05-07
|e Karim International
|g 3500.00
|l 3
|m 40
|o 330.91732 OSU
|p 3010031793
|r 2019-04-01
|s 2018-12-15
|t 4
|v 3500.00
|w 2017-05-07
|y BK
|
| 952 |
|
|
|0 0
|1 0
|2 ddc
|4 0
|6 330_917320000000000_OSU
|7 0
|9 60555
|a BRACUL
|b BRACUL
|c GEN
|d 2017-05-07
|e Karim International
|g 3500.00
|l 2
|m 3
|o 330.91732 OSU
|p 3010031791
|r 2025-11-18
|s 2025-11-16
|t 2
|v 3500.00
|w 2017-05-07
|y BK
|
| 952 |
|
|
|0 0
|1 0
|2 ddc
|4 0
|6 330_917320000000000_OSU
|7 0
|9 60556
|a BRACUL
|b BRACUL
|c GEN
|d 2017-05-07
|e Karim International
|g 3500.00
|l 2
|m 2
|o 330.91732 OSU
|p 3010031792
|r 2018-01-14
|s 2017-09-20
|t 3
|v 3500.00
|w 2017-05-07
|y BK
|
| 952 |
|
|
|0 0
|1 0
|2 ddc
|4 0
|6 330_917320000000000_OSU
|7 0
|9 60557
|a BRACUL
|b BRACUL
|c GEN
|d 2017-05-07
|e Karim International
|g 3500.00
|l 2
|m 10
|o 330.91732 OSU
|p 3010031794
|r 2025-10-14
|s 2025-10-07
|t 5
|v 3500.00
|w 2017-05-07
|y BK
|